Eudised R & D bulletin

Αποθηκεύτηκε σε:
Λεπτομέρειες βιβλιογραφικής εγγραφής
Συγγραφή απο Οργανισμό/Αρχή: Council of Europe
Μορφή: Περιοδική έκδοση
Γλώσσα:English
French
German
Δημοσίευση: Munchen ; London : K.G. Saur, 1974-1994
Θέματα:
Ετικέτες: Προσθήκη ετικέτας
Δεν υπάρχουν, Καταχωρήστε ετικέτα πρώτοι!

MARC

LEADER 00000nas a2200000 i 4500
001 1/77103
008 080311d19761994ge eng d
022 |a 03787192 
035 |l 10095333 
040 |a GR-MY-UA  |b gre  |e aacr 
041 0 |a eng  |a fre  |a ger 
082 0 |a 370.94  |2 (22) 
245 1 0 |a Eudised R & D bulletin  |h [περιοδικό] 
260 |a Munchen ; London :   |b K.G. Saur,   |c 1974-1994 
300 |a 48 τ.;  |c 30 εκ. 
310 |a 4 φορές το χρόνο 
650 0 0 |a Education  |z Europe  |x Periodicals. 
650 0 0 |a Education  |x Research  |z Europe  |x Periodicals. 
710 2 |a Council of Europe. 
901 |a BIBL4-2008-1 
970 |a ΚΟΖΑ  |b ΜΑΡΙΑ  |z 2008/03/11